[Event "Minsk Kupreichik Memorial rapid"]
[Site "Minsk"]
[Date "2019.08.15"]
[Round "2"]
[White "Tarasionak, Arseni"]
[Black "Barskij, Vladimir"]
[Result "0-1"]
[WhiteElo "1209"]
[BlackElo "2389"]
[PlyCount "96"]
[EventDate "2019.08.15"]
[EventType "swiss (rapid)"]
[EventRounds "10"]
[EventCountry "BLR"]
[SourceTitle "CBM 191 Extra"]
[Source "ChessBase"]
[SourceDate "2019.09.30"]
[SourceVersion "1"]
[SourceVersionDate "2019.09.30"]
[SourceQuality "1"]

1. d4 d5 2. c4 Nc6 3. Nf3 Bg4 4. e3 e6 5. Nc3 Bb4 6. Be2 Nf6 7. 0-0 0-0 8. h3 Bh5 9. Ne5 Bxe2 10. Qxe2 Nxe5 11. dxe5 Bxc3 12. bxc3 Ne4 13. Ba3 Re8 14. Qb2 b6 15. Rfd1 Qg5 16. cxd5 Qxe5 17. c4 Qg5 18. Rd4 exd5 19. Rxd5 Qg6 20. Qd4 Nf6 21. Re5 Red8 22. Qf4 c5 23. Rg5 Qh6 24. Bb2 Kf8 25. Bxf6 Qxf6 26. Qxf6 gxf6 27. Rd5 Rxd5 28. cxd5 Ke7 29. e4 Kd6 30. g4 Ke5 31. f3 h5 32. Kf2 hxg4 33. hxg4 Kd4 34. Rd1+ Kc3 35. d6 Kc2 36. Ke2 c4 37. d7 Rd8 38. f4 c3 39. e5 fxe5 40. fxe5 Kb2 41. g5 c2 42. Rd2 Rxd7 43. Rxd7 c1Q 44. Rxa7 Qxg5 45. Rxf7 Qxe5+ 46. Kf1 Kxa2 47. Rb7 Qf4+ 48. Kg1 Qg3+ 0-1